书目信息 |
| 题名: |
新时期高校美育与学生教育管理研究
|
|
| 作者: | 张娉 著 | |
| 分册: | ||
| 出版信息: | 长春 吉林出版集团股份有限公司 2022.06 |
|
| 页数: | 229页 | |
| 开本: | 24cm | |
| 丛书名: | ||
| 单 册: | ||
| 中图分类: | G40-014 , G645.5 | |
| 科图分类: | ||
| 主题词: | 美育--教学研究--高等学校 , 高等学校--学生工作--教育管理--研究 | |
| 电子资源: | ||
| ISBN: | 978-7-5731-0947-7 | |
| 000 | 01004nam0 2200253 450 | |
| 001 | 012001000840 | |
| 005 | 20140201084846.0 | |
| 010 | @a978-7-5731-0947-7@dCNY40.00 | |
| 100 | @a20220905d2022 em y0chiy50 ea | |
| 101 | 0 | @achi |
| 102 | @aCN@b220000 | |
| 105 | @ay z 000yy | |
| 106 | @ar | |
| 200 | 1 | @a新时期高校美育与学生教育管理研究@Axin shi qi gao xiao mei yu yu xue sheng jiao yu guan li yan jiu@f张娉著 |
| 210 | @a长春@c吉林出版集团股份有限公司@d2022.06 | |
| 215 | @a229页@d24cm | |
| 330 | @a本书共分十一章,主要内容包括:高校美育概述、高校美育课程建设的目标及内容、高校美育课程建设的原则与方法、高校美育课程建设的载体与运行机制、高校公共美育课程、高校公共美育课程的影响及发展因素、高校学生教育管理、移动互联网环境下高校学生的教育管理等。 | |
| 606 | 0 | @a美育@x教学研究@x高等学校 |
| 606 | 0 | @a高等学校@x学生工作@x教育管理@x研究 |
| 690 | @aG40-014@v5 | |
| 690 | @aG645.5@v5 | |
| 701 | 0 | @a张娉@Azhang ping@4著 |
| 801 | 0 | @aCN@bAHXH@c20221111 |
| 905 | @b1365177-81@dG40-014@e1277@f5 | |
| 新时期高校美育与学生教育管理研究/张娉著.-长春:吉林出版集团股份有限公司,2022.06 |
| 229页;24cm |
| ISBN 978-7-5731-0947-7:CNY40.00 |
| 本书共分十一章,主要内容包括:高校美育概述、高校美育课程建设的目标及内容、高校美育课程建设的原则与方法、高校美育课程建设的载体与运行机制、高校公共美育课程、高校公共美育课程的影响及发展因素、高校学生教育管理、移动互联网环境下高校学生的教育管理等。 |
| ● |
| 相关链接 |
|
|
|
|
正题名:新时期高校美育与学生教育管理研究
索取号:G40-014/1277
 
预约/预借
| 序号 | 登录号 | 条形码 | 馆藏地/架位号 | 状态 | 备注 |
| 1 | 1365177 | 213651779 | 第一样本阅览室/ [索取号:G40-014/1277] | 在馆 | |
| 2 | 1365178 | 213651788 | 教育系资料室/ [索取号:G40-014/1277] | 在馆 | |
| 3 | 1365179 | 213651797 | 教育系资料室/ [索取号:G40-014/1277] | 在馆 | |
| 4 | 1365180 | 213651804 | 第四借阅区/ [索取号:G40-014/1277] | 在馆 | |
| 5 | 1365181 | 213651813 | 第四借阅区/ [索取号:G40-014/1277] | 在馆 |